Vocabulaire espagnol - Alimentation & nourriture - Statistiques

Statistiques générales
  • Ce quiz a été pris 657 fois
    654 depuis la dernière actualisation
  • Le résultat moyen est 24 sur 54
Statistiques - réponses
Mots en français Mots en espagnol % Correct
Lait Leche
88%
Jambon Jamón
85%
Café Café
83%
Poulet Pollo
83%
Fromage Queso
81%
Eau Agua
78%
Viande Carne
78%
Pomme de terre Patata
77%
Sel Sal
77%
Sucre Azúcar
75%
Tomate Tomate
75%
Fraise Fresa
73%
Pomme Manzana
73%
Thé
73%
Oeuf Huevo
62%
Melon Melón
62%
Chocolat Chocolate
61%
Ananas Piña
58%
Riz Arroz
56%
Poire Pera
55%
Banane Plátano
55%
Fruits Frutas
52%
Légumes Verdura
46%
Gâteau Pastel
43%
Framboise Frambuesa
42%
Assiette Plato
42%
Tarte Tarta
39%
Cerise Cereza
38%
Couteau Cuchillo
36%
Poisson Pez
34%
Verre Vaso
34%
Miel Miel
33%
Thon Atún
29%
Cuillère Cuchara
27%
Pastèque Sandía
27%
Fourchette Tenedor
27%
Céréale Cereal
26%
Dessert Postre
26%
Tasse Taza
26%
Salade Lechuga
25%
Jus d'orange Jugo de naranja
24%
Jus de pomme Jugo de manzana
22%
Abricot Albaricoque
21%
Frite Patata frita
19%
Saucisse Salchicha
19%
Glace Hielo
16%
Poivre Pimienta
16%
Fruits de mer Mariscos
15%
Courgette Calabacín
14%
Saucisson Salchichón
10%
Crème Nata
9%
Confiture Confitura
7%
Charcuterie Embutido
3%
Pâté Terrina
2%
Aucun quiz correspondant
Distribution des résultats
% des personnes avec chaque résultat
Percentile par nombre de réponses
Votre historique - résultats
Vous n’avez pas pris ce quiz depuis la dernière actualisation